000 00457nam a2200169Ia 4500
001 9878
003 GE_BSU
008 181216s||||||||xx |||||||||||||| ||und||
040 _cGE_BSU
245 _aПрограммирование на С/С++ №4(124). Апрель 2014
260 _aМосква
260 _bинфопресс
260 _c2014
300 _a23стр.29см.
653 _aПрограммирование на С/С++
942 _cCR
999 _c43157
_d43157